Handbook of technical instruction for wireless telegraphist / (Record no. 58107)

MARC details
000 -LEADER
campo de control de longitud fija 00584nam a2200181 i 4500
001 - NÚMERO DE CONTROL
campo de control 58107
003 - IDENTIFICADOR DE NÚMERO DE CONTROL
campo de control ES-MaACL
005 - FECHA Y HORA DE LA ÚLTIMA TRANSACCIÓN
campo de control 20230906163729.0
007 - CAMPO FIJO DE DESCRIPCIÓN FÍSICA--INFORMACIÓN GENERAL
campo de control de longitud fija t|
008 - DATOS DE LONGITUD FIJA--INFORMACIÓN GENERAL
campo de control de longitud fija 031021s1944 xxk ||||1| eng d
100 1# - ENTRADA PRINCIPAL--NOMBRE DE PERSONA
Nombre de persona Dowsett, H. M.
9 (RLIN) 45544
245 10 - MENCIÓN DEL TÍTULO
Título Handbook of technical instruction for wireless telegraphist /
Mención de responsabilidad, etc. by H. M. Dowsett and L.E.Q. Walker.
250 ## - MENCION DE EDICION
Mención de edición 7th ed. rev. and enlarged.
260 ## - PUBLICACIÓN, DISTRIBUCIÓN, ETC.
Lugar de publicación, distribución, etc. London :
Nombre del editor, distribuidor, etc. Iliffe and Sons,
Fecha de publicación, distribución, etc. 1944 (
Lugar de fabricación/manufactura Andover)
300 ## - DESCRIPCIÓN FÍSICA
Extensión XX, 664 p., 618 fig. ;
Dimensiones 21 cm.
700 1# - ENTRADA AGREGADA--NOMBRE PERSONAL
Nombre de persona Walker, L. E. Q.
9 (RLIN) 115934
852 ## - LOCALIZACIÓN
Ubicación ES-MaACL
Número de control de estantería F-16113
Sublocalización o colección R.20918
Holdings
Estatus retirado Estado de pérdida Estado de daño No para préstamo Biblioteca de origen Biblioteca actual Ubicación en estantería Fecha de adquisición Fuente de adquisición Total de préstamos Signatura topográfica completa Código de barras Visto por última vez Precio de reemplazo Tipo de ítem Koha
        Biblioteca del Ateneo de Madrid Biblioteca del Ateneo de Madrid Sala Pecera Planta 2 17/01/2008     F-16113 1060981 23/02/2023 23/02/2023 Libro impreso